[Event "AUTO-OPEN-1102"]
[Site "http://www.queenalice.com/game.php?id=391449"]
[Date "2008.4.21"]
[Round "1"]
[White "Philidor"]
[Black "emredostmetu"]
[Result "0-1"]
[WhiteElo "2055"]
[BlackElo "2403"]

1. g3 d5 2. f3 Nf6 3. Bg2 e5 4. e3 Nc6 5. d4 exd4 6. exd4 Bd6 7. Ne2 O-O 8. c3
Be6 9. O-O Qd7 10. Bg5 Ne8 11. Re1 f6 12. Bf4 Na5 13. Nd2 b6 14. Nf1 c6 15. Ne3
Be7 16. g4 Bd6 17. Bxd6 Nxd6 18. Nf4 Rae8 19. Qc2 Nac4 20. Nxc4 Nxc4 21. Bf1 Bf7
22. Bd3 g6 23. Ng2 Nd6 24. b3 c5 25. Rxe8 Rxe8 26. Qf2 c4 27. Bf1 a5 28. bxc4
dxc4 29. Re1 b5 30. a3 Rxe1 31. Qxe1 b4 32. axb4 axb4 33. cxb4 Nb5 34. Ne3 Qxd4
35. h4 Na3 36. Qc1 c3 37. Kg2 Qxb4 38. Nc2 Nxc2 39. Qxc2 Qb2 0-1

[Event "AUTO-OPEN-1102"]
[Site "http://www.queenalice.com/game.php?id=391474"]
[Date "2008.4.21"]
[Round "1"]
[White "Philidor"]
[Black "Claude"]
[Result "1-0"]
[WhiteElo "2028"]
[BlackElo "1774"]

1. f3 e5 2. Kf2 d5 3. e3 Nc6 4. Bb5 Bd7 5. d4 exd4 6. Ne2 dxe3+ 7. Bxe3 Nf6 8.
Bxc6 Bxc6 9. Nbc3 Be7 10. Re1 O-O 11. Ng3 Re8 12. Qd3 a6 13. Nf5 1-0

[Event "AUTO-OPEN-1102"]
[Site "http://www.queenalice.com/game.php?id=391475"]
[Date "2008.4.21"]
[Round "1"]
[White "Claude"]
[Black "Philidor"]
[Result "0-1"]
[WhiteElo "1768"]
[BlackElo "2034"]

1. e4 g6 2. Bc4 c6 3. Qf3 f5 4. exf5 d5 5. fxg6 Nf6 6. Bd3 e5 7. Bf5 e4 8. Qh3
Bxf5 9. Qxf5 Nbd7 10. Nh3 Qe7 11. Nf4 O-O-O 12. d3 exd3+ 13. Qe6 Qxe6+ 14. Nxe6
Re8 0-1

[Event "AUTO-OPEN-1102"]
[Site "http://www.queenalice.com/game.php?id=391476"]
[Date "2008.4.21"]
[Round "1"]
[White "Philidor"]
[Black "kamikaze"]
[Result "0-1"]
[WhiteElo "2134"]
[BlackElo "2120"]

1. Nf3 c5 2. b3 d5 3. Bb2 Nc6 4. c4 d4 5. e3 e5 6. d3 Nf6 7. Be2 Bd6 8. O-O O-O
9. Na3 a6 10. Nc2 Re8 11. e4 b5 12. a3 h6 13. Rb1 Be6 14. Nd2 Rb8 15. Ne1 a5 16.
cxb5 Rxb5 17. Nef3 Ne7 18. Nc4 Bxc4 19. bxc4 Rb8 20. h4 Ng6 21. Qc2 Nd7 22. g3
Nf6 23. Bc1 Qd7 24. Rxb8 Rxb8 25. Bd2 a4 26. Rb1 Rxb1+ 27. Qxb1 Qc6 28. Qb5 Ne7
29. Qxc6 Nxc6 30. Bd1 Bc7 31. Bxa4 Na7 32. Kf1 Kf8 33. Ke2 Ke7 34. Ne1 Nd7 35.
f4 exf4 36. gxf4 f6 37. h5 Nf8 38. f5 Nd7 39. Bxd7 Kxd7 40. Nc2 Nc6 41. a4 Bd6
42. Na3 Bc7 43. Nb5 Bd8 44. Bf4 Ne5 45. Bxe5 fxe5 46. Kd1 Bb6 47. Kc1 Ba5 48.
Kd1 Kc6 49. Ke2 Kd7 50. Kf3 Ke7 51. Kg4 Bb6 52. Na3 Ba5 53. f6+ Kxf6 54. Nb5 Ke6
55. Na7 Bc3 56. Nc6 Kd6 57. Nd8 Kd7 58. Nf7 Ke6 59. Nh8 Ba5 60. Ng6 Bd8 61. Nh4
Kf6 62. Nf5 Bc7 63. Nxg7 Kxg7 64. Kf5 Kf7 65. a5 Bxa5 66. Kxe5 Ke7 67. Kd5 Bb4
68. e5 Kd7 69. e6+ Ke7 70. Ke5 Be1 71. Kf5 Bg3 72. Kg6 Kxe6 73. Kxh6 Kf5 74. Kh7
Be5 0-1

[Event "AUTO-OPEN-1102"]
[Site "http://www.queenalice.com/game.php?id=391477"]
[Date "2008.4.21"]
[Round "1"]
[White "kamikaze"]
[Black "Philidor"]
[Result "0-1"]
[WhiteElo "1712"]
[BlackElo "2043"]

1. d4 Nf6 2. c4 e6 3. a3 b6 4. Nc3 c5 5. d5 exd5 6. cxd5 d6 7. h3 h5 8. Nf3 Ba6
9. b4 Be7 10. b5 Bb7 11. e4 Nbd7 12. Bd3 Nh7 13. O-O Bf6 14. Bb2 O-O 15. Rb1 Re8
16. Re1 h4 17. Ne2 Bxb2 18. Rxb2 Ng5 19. Nc3 Nxf3+ 20. Qxf3 Ne5 21. Qd1 Qf6 22.
Rc2 g5 23. Bf1 Qg6 24. Be2 Bc8 25. a4 g4 26. Kh2 g3+ 27. Kh1 gxf2 28. Rf1 Qg3
29. Bf3 Nxf3 30. Qxf3 Qxf3 31. gxf3 Bxh3 32. Rfxf2 Bd7 33. Ne2 Kf8 34. Nf4 Ke7
35. Rh2 Rh8 0-1

[Event "Challenge"]
[Site "http://www.queenalice.com/game.php?id=395085"]
[Date "2008.4.28"]
[Round "-"]
[White "positionalgenius"]
[Black "Philidor"]
[Result "0-1"]
[WhiteElo "1582"]
[BlackElo "2041"]

1. e4 e6 2. d4 f5 3. exf5 Nf6 4. fxe6 d5 5. Nf3 Bd6 6. Bd3 O-O 7. O-O Bxe6 8.
Bg5 c5 9. c3 c4 10. Bc2 Nbd7 11. Nbd2 Qc7 12. h3 Rae8 13. Re1 b5 14. a4 b4 15.
Bxf6 Nxf6 16. Ne5 b3 17. Bb1 Bf7 18. Nxf7 Rxe1+ 19. Qxe1 Qxf7 20. Nf3 Re8 21.
Ne5 Bxe5 22. dxe5 Nd7 23. Qe3 Nxe5 24. Bxh7+ Kxh7 0-1

[Event "Challenge"]
[Site "http://www.queenalice.com/game.php?id=405040"]
[Date "2008.5.18"]
[Round "-"]
[White "ORNELAS"]
[Black "Philidor"]
[Result "0-1"]
[WhiteElo "1656"]
[BlackElo "2039"]

1. b3 e5 2. Bb2 d6 3. d3 f5 4. e3 Nf6 5. g3 c6 6. Bg2 Be6 7. Ne2 Nbd7 8. O-O g5
9. e4 fxe4 10. dxe4 Qc7 11. c4 O-O-O 12. a4 h5 13. a5 h4 14. gxh4 gxh4 15. h3
Rg8 16. Nd2 Bxh3 17. Kh2 Bxg2 18. Rg1 Ng4+ 19. Kxg2 Ne3+ 20. Kf3 Nxd1 21. Raxd1
Bh6 22. Rxg8 Rxg8 23. Rg1 Rxg1 24. Nxg1 Qxa5 25. Kg4 Qxd2 26. Ba3 Qf4+ 27. Kh3
Qxf2 28. Bxd6 Qg3# 0-1

[Event "Challenge"]
[Site "http://www.queenalice.com/game.php?id=420558"]
[Date "2008.6.20"]
[Round "-"]
[White "Philidor"]
[Black "mauriciov"]
[Result "1/2-1/2"]
[WhiteElo "2053"]
[BlackElo "2193"]

1. e3 e5 2. Nc3 d5 3. f4 e4 4. d3 Bb4 5. dxe4 Bxc3+ 6. bxc3 dxe4 7. Qxd8+ Kxd8
8. Bc4 Be6 9. Bxe6 fxe6 10. Ne2 Nf6 11. Ba3 Nbd7 12. O-O-O Kc8 13. h3 Nb6 14. g4
Nc4 15. Bc5 Nd7 16. Bd4 Rg8 17. Ng3 c5 18. Be5 Nxe3 19. Rde1 Nc4 20. Nxe4 Ncxe5
21. fxe5 h6 22. Rhf1 Kc7 23. Rf7 Raf8 24. Re7 Re8 25. Rf7 Ref8 26. Re7 Re8
1/2-1/2

[Event "The rematch"]
[Site "http://www.queenalice.com/game.php?id=428790"]
[Date "2008.7.7"]
[Round "-"]
[White "Philidor"]
[Black "positionalgenius"]
[Result "1-0"]
[WhiteElo "2102"]
[BlackElo "1795"]

1. e3 d5 2. Nc3 c5 3. f4 Nc6 4. b3 d4 5. Ne4 e6 6. Bb2 dxe3 7. dxe3 Qxd1+ 8.
Rxd1 Be7 9. Bxg7 Nf6 10. Nxf6+ Bxf6 11. Bxh8 Bxh8 12. Bd3 Bc3+ 13. Kf2 f5 14.
Ne2 Bf6 15. e4 Nd4 16. e5 Bg7 17. Nxd4 cxd4 18. g4 fxg4 19. Bxh7 b6 20. Be4 Rb8
21. Rxd4 Bb7 22. Bxb7 Rxb7 23. Rg1 Rc7 24. c4 Kf7 25. Rxg4 Bf8 26. Kg3 Bc5 27.
Rd8 a5 28. Rdg8 1-0

[Event "QA-ANNIV-04"]
[Site "http://www.queenalice.com/game.php?id=445737"]
[Date "2008.8.8"]
[Round "2"]
[White "Philidor"]
[Black "GreyRaven"]
[Result "1-0"]
[WhiteElo "2071"]
[BlackElo "1778"]

1. Nf3 Nf6 2. a3 d5 3. e3 Bf5 4. b4 Nbd7 5. Bb2 e6 6. Be2 c5 7. bxc5 Nxc5 8. Nd4
Bg6 9. h4 h5 10. Nf3 Be7 11. Ne5 Qb6 12. Nxg6 fxg6 13. Nc3 Qxb2 14. Bb5+ Nfd7
15. Ra2 Qxa2 16. Nxa2 Ne4 17. Bxd7+ Kxd7 18. Qa1 Bf6 19. c3 g5 20. hxg5 Bxg5 21.
c4 Rad8 22. Qxg7+ Be7 23. cxd5 exd5 24. Qe5 1-0

[Event "Challenge"]
[Site "http://www.queenalice.com/game.php?id=451223"]
[Date "2008.8.20"]
[Round "-"]
[White "GMwagnersokolov"]
[Black "Philidor"]
[Result "0-1"]
[WhiteElo "1837"]
[BlackElo "2077"]

1. d4 Nf6 2. c4 e6 3. Nc3 a6 4. e4 Bb4 5. Bd3 d5 6. e5 dxc4 7. Bxc4 Nd5 8. Bd2
b5 9. Bxd5 exd5 10. a3 Ba5 11. f4 Nc6 12. Nge2 Qh4+ 13. g3 Qh3 14. Qc2 Bf5 15.
Qb3 Rd8 16. O-O-O Bb6 17. Be3 O-O 18. Rhg1 Ne7 19. Rd2 c6 0-1

[Event "AUTO-ADV-876"]
[Site "http://www.queenalice.com/game.php?id=457047"]
[Date "2008.9.2"]
[Round "2"]
[White "Philidor"]
[Black "Rapha66"]
[Result "1-0"]
[WhiteElo "2098"]
[BlackElo "1829"]

1. e4 e5 2. Nf3 Nc6 3. Bb5 Qf6 4. d3 h6 5. O-O Nd4 6. Nxd4 exd4 7. f4 a6 8. e5
Qb6 9. Bc4 c6 10. Qh5 g6 11. Qe2 Ne7 12. Nd2 h5 13. Ne4 Bg7 14. Nd6+ Kf8 15.
Bxf7 Rh7 16. Bxg6 Nxg6 17. f5 Nh8 18. f6 Bh6 19. Bxh6+ Rxh6 20. Qe4 Nf7 21. Qf4
Rh7 22. Qg3 Nxd6 23. exd6 1-0

[Event "AUTO-ADV-876"]
[Site "http://www.queenalice.com/game.php?id=457048"]
[Date "2008.9.2"]
[Round "2"]
[White "Rapha66"]
[Black "Philidor"]
[Result "0-1"]
[WhiteElo "1835"]
[BlackElo "2092"]

1. e4 e5 2. Nf3 Nc6 3. Bb5 g6 4. Bxc6 dxc6 5. d3 Bg7 6. Nc3 Ne7 7. Be3 O-O 8.
Qd2 Qd6 9. Bh6 Bxh6 10. Qxh6 f6 11. Ne2 Qb4+ 12. c3 Qxb2 13. O-O Qxe2 14. Rfd1
Qc2 15. c4 Qa4 16. Qh4 Qa5 17. d4 exd4 18. Rxd4 Qc3 19. Rad1 c5 20. Rd8 Rxd8 0-1

[Event "AUTO-ADV-876"]
[Site "http://www.queenalice.com/game.php?id=457049"]
[Date "2008.9.2"]
[Round "2"]
[White "Philidor"]
[Black "Artking"]
[Result "1-0"]
[WhiteElo "2128"]
[BlackElo "1932"]

1. Nc3 d5 2. e4 d4 3. Nce2 e5 4. Ng3 c5 5. Bc4 Nc6 6. Nf3 f6 7. O-O Nge7 8. d3
h5 9. c3 h4 10. Ne2 h3 11. g3 a6 12. a4 Bg4 13. Nd2 Ng6 14. f3 Bd7 15. Qb3 Qe7
16. Qxb7 Rb8 17. Qxa6 Qd6 18. Bd5 Nge7 19. Nc4 Qc7 20. Bxc6 Nxc6 21. Na3 Be7 22.
cxd4 Nxd4 23. Nxd4 exd4 24. Bf4 Qb6 25. Qxb6 Rxb6 26. Nc4 Rb3 27. Ra3 Rxa3 28.
bxa3 Bxa4 29. Rf2 Kf7 30. Rb2 g5 31. Bd6 Re8 32. Rb7 Ke6 33. Rxe7+ Rxe7 34. Bxe7
Kxe7 35. Kf2 Bd7 36. g4 Bb5 37. Nb2 Kd6 38. Kg3 Ba6 39. f4 gxf4+ 40. Kxf4 Bc8
41. Nc4+ Ke6 42. a4 Bb7 43. g5 fxg5+ 44. Kxg5 Bc6 45. a5 Bb5 46. Kg4 Kd7 47. Nb2
Ke6 48. Kxh3 Kf6 49. Kg4 1-0

[Event "AUTO-ADV-876"]
[Site "http://www.queenalice.com/game.php?id=457050"]
[Date "2008.9.2"]
[Round "2"]
[White "Artking"]
[Black "Philidor"]
[Result "0-1"]
[WhiteElo "1914"]
[BlackElo "2083"]

1. e4 e6 2. d4 d5 3. Nc3 Bb4 4. e5 Ne7 5. f4 c5 6. a3 Ba5 7. Nf3 Nbc6 8. Be3
cxd4 9. Nxd4 Nxd4 10. b4 Bb6 11. Bxd4 O-O 12. Ne2 Nf5 13. Bxb6 Qxb6 14. Qd2 f6
15. g4 Ne3 16. h3 fxe5 17. fxe5 a5 18. Nd4 Nc4 19. Bxc4 dxc4 20. b5 Bd7 21. a4
Be8 22. c3 Bg6 23. O-O-O Rad8 24. Qg2 Bd3 25. Rd2 Rxd4 26. cxd4 Qxd4 27. Rxd3
Qa1+ 0-1

[Event "Challenge"]
[Site "http://www.queenalice.com/game.php?id=492696"]
[Date "2008.11.13"]
[Round "-"]
[White "Aleksander"]
[Black "Philidor"]
[Result "1-0"]
[WhiteElo "1627"]
[BlackElo "2091"]

1. e4 d6 2. d4 Nf6 3. Nc3 a6 4. Nf3 e6 5. Bd3 Be7 6. O-O O-O 7. Qe2 Nc6 8. e5
dxe5 9. dxe5 Nd7 10. Qe4 f5 11. exf6 Nxf6 12. Qh4 Nb4 13. Rd1 Nxd3 14. Rxd3 Nd5
15. Qc4 c6 16. Be3 Nxe3 17. Rxe3 Qb6 18. Nd4 1-0

[Event "Challenge"]
[Site "http://www.queenalice.com/game.php?id=492697"]
[Date "2008.11.13"]
[Round "-"]
[White "Philidor"]
[Black "Aleksander"]
[Result "0-1"]
[WhiteElo "2061"]
[BlackElo "1657"]

1. Nf3 Nf6 2. e3 d5 3. b3 c5 4. Bb2 Nc6 5. Bb5 Bg4 6. h3 Bh5 7. g4 Bg6 8. Ne5
Qc7 9. Nxc6 bxc6 10. Be2 Be4 11. O-O h5 12. g5 Qd7 13. f3 Qxh3 14. Rf2 Bxf3 15.
Bxf3 Ng4 16. Rg2 e6 0-1

[Event "QA-ANNIV-04"]
[Site "http://www.queenalice.com/game.php?id=514331"]
[Date "2008.12.29"]
[Round "4"]
[White "KirumbaKizumba"]
[Black "Philidor"]
[Result "1-0"]
[WhiteElo "2292"]
[BlackElo "2122"]

1. e4 e6 2. d3 d5 3. Nd2 c5 4. Ngf3 Nc6 5. g3 Nf6 6. Bg2 Be7 7. O-O O-O 8. Re1
b5 9. e5 Nd7 10. Nb3 a5 11. d4 b4 12. dxc5 Bb7 13. Nbd4 1-0

[Event "AUTO-ADV-876"]
[Site "http://www.queenalice.com/game.php?id=521595"]
[Date "2009.1.13"]
[Round "3"]
[White "Philidor"]
[Black "yanpom"]
[Result "1-0"]
[WhiteElo "2115"]
[BlackElo "1726"]

1. Nf3 d5 2. e3 Nc6 3. b3 e5 4. Bb2 e4 5. Ne5 Nxe5 6. Bxe5 Qe7 7. d4 exd3 8. Bd4
dxc2 9. Qxc2 Nf6 10. Bb5+ c6 11. Bxc6+ bxc6 12. Qxc6+ Nd7 13. Qxa8 Qb4+ 14. Nd2
Qb7 15. Qxb7 Bxb7 16. Bxa7 Bb4 17. a3 Bc5 18. Bxc5 1-0

[Event "AUTO-ADV-876"]
[Site "http://www.queenalice.com/game.php?id=521596"]
[Date "2009.1.13"]
[Round "3"]
[White "yanpom"]
[Black "Philidor"]
[Result "1-0"]
[WhiteElo "1733"]
[BlackElo "2116"]

1. e4 e6 2. d4 d5 3. exd5 Nf6 4. dxe6 Bxe6 5. Bd3 Nc6 6. Nf3 Qd7 7. O-O O-O-O 8.
Nc3 Nxd4 9. Nxd4 Qxd4 10. Be3 Qe5 11. Re1 Ng4 12. g3 Qh5 13. h4 Qa5 14. Bd2 Ne5
15. Nb1 Qd5 16. Be4 Qd4 17. c3 Qb6 18. Qc2 1-0